| 000 | 00393cam a22001337a 4500 | ||
|---|---|---|---|
| 008 | 180718b1961 xxu||||| |||| 00| 0 eng d | ||
| 082 | _aY112x42 L469 | ||
| 100 | _aLeach, W.A. | ||
| 245 |
_aParty structures rights in London _cby W.A. Leach |
||
| 260 |
_aLondon _bEstate Gazette _c1961 |
||
| 300 | _a74p. | ||
| 650 | _aParty walls --England --London | ||
| 650 | _aBuilding laws --England --London | ||
| 999 |
_c371724 _d371724 |
||